000 01736nam a2200277Ia 4500
999 _c54178
_d54178
001 21234
003 GE_BSU
005 20211006134408.0
008 181216s2013||||ge |||||||||||||| ||geo||
020 _a9789941429507
040 _cGE_BSU
041 _ageo
080 _a633.5/9(213)(075.8)+634 ჯ-22
100 _aჯაბნიძე, რეზო
_92484
245 _aსუბტროპიკული ტექნიკური კულტურები :
_b(სახელმძღვ. უმაღლ. სასწ. აგრარ. დარგის სტუდენტებისათვის, ს/მ სპეციალისტებისა და ფერმერებისათვის) /
_cრეზო ჯაბნიძე ; რედ.: გურამ კილასონია, შოთა ლამპარაძე.
264 _aბათუმი :
_b[ბათუმის უნ-ტის სტ.],
_c2013.
300 _a346 გვ. :
_bილ. ;
_c21 სმ.
504 _a ბიბლიოგრაფია გვ. : 336-342
520 _aრეზიუმე რუსულ და ინგლისურ ენებზე
541 _h12ლ.50თ.
653 _aსოფლის მეურნეობა
653 _aსუბტროპიკული ტექნიკური კულტურები - სახელმძღვანელოები უმაღლესი სასწავლებლებისათვის
700 _aკილასონია, გურამ
_eრედაქტორი
_912598
700 _aლამპარაძე, შოთა
_eრედაქტორი
_91795
942 _cBK
_2udc